000 00182 a2200097 4500
020 _a9788449311734
041 _aspa
100 _aHilde Bruch
245 _aLa jaula dorada
942 _cBK
999 _c3887
_d3887